01006nam a22002295i 4500001000700000003000900007005001700016008004100033020001800074080003600092100004900128245017500177260007100352300003900423490002700462504003200489651005600521830003500577852002200612999001900634952012300653177251ES-MaACL20230906220304.0110310s2002 sp ao |||| | spa d a84-95011-38-7 a903(460.27 Alcalá de Henares)1 aMacarro Rodríguez, José Antonio.914554113aLa Alcalá prehistórica b: el poblado de la Edad del Bronce de "La Dehesa" : _ circa duo milia annorum ante Complutum conditum / cJosé Antonio Macarro Rodríguez. aAlcalá de Henares : bFundación Colegio del Rey, cD. L. 2002. a330 p. : bil. bl. y n. ; c21 cm.1 aAlcalá-Ensayo ; v18 aBibliografía: p. 279-321. 4aAlcalá de Henares-xRestos arqueológicos.976490 aAlcalá-Ensayo ; v189185763 aES-MaACLjE-14659 c177251d177251 00104070aATENEOMbATENEOMcDEPO2d2011-03-10eDONl0oE-14659p1186160r2023-02-23 00:00:00w2023-02-23yMONOGRAFIA